Μαζί: παιδαγωγοί και γονείς στο διαπολιτισμικό σχολείο
Αποθηκεύτηκε σε:
| Συγγραφή απο Οργανισμό/Αρχή: | |
|---|---|
| Μορφή: | Βιβλίο |
| Γλώσσα: | Greek |
| Δημοσίευση: |
Αθήνα:
Τυπωθύτω,
2004.
|
| Σειρά: | Διαπολιτισμική αγωγή στην προσχολική ηλικία
|
| Θέματα: | |
| Ετικέτες: |
Προσθήκη ετικέτας
Δεν υπάρχουν, Καταχωρήστε ετικέτα πρώτοι!
|
MARC
| LEADER | 00000cam a2200000 a 4500 | ||
|---|---|---|---|
| 001 | 1/124806 | ||
| 008 | 220511s2004####gr | ||| |||| ||gre|| | ||
| 020 | |a 9604021486 | ||
| 040 | |a GR-MyUa |b gre |c GR-MyUa |e AACR2 | ||
| 041 | 0 | |a gre | |
| 082 | 7 | |a 370.117 |2 (23) | |
| 245 | 0 | 0 | |a Μαζί: |b παιδαγωγοί και γονείς στο διαπολιτισμικό σχολείο / |c Εταιρεία για την ανάπτυξη και τη δημιουργική απασχόληση των παιδιών (ΕΑΔΑΠ) ; επιστημονική επιμέλεια: Λένα Αναγνωστοπούλου, Βασιλική Ρήγα. |
| 260 | |a Αθήνα: |b Τυπωθύτω, |c 2004. | ||
| 300 | |a 198 σ. : |b εικ. ; |c 24 εκ. | ||
| 490 | 1 | |a (Διαπολιτισμική αγωγή στην προσχολική ηλικία) | |
| 500 | |a Με την υποστήριξη του Bernard Leer Foundation. | ||
| 500 | |a Στη συγγραφή του βιβλίου συμμετείχαν οι παιδαγωγοί του αφρικάνικου παιδικού σταθμού: Δάφνη Μπάρον, Περσίνα Ταυρίδου, Ειρήνη Χριστοπούλου. | ||
| 504 | |a Περιλαμβάνει βιβλιογραφικές παραπομπές. | ||
| 650 | 0 | |a Educators. | |
| 650 | 0 | |a Multicultural education. | |
| 710 | 2 | |a Εταιρεία για την Ανάπτυξη και τη Δημιουργική Απασχόληση των Παιδιών. | |
| 830 | 0 | |a Διαπολιτισμική αγωγή στην προσχολική ηλικία | |
| 970 | |a Σιδερή |b Νεκταρία |z 2022/05/11 | ||